000 00696nam a2200217 a 4500
001 000015593
005 20240530073918.0
008 100215s1995 xxu 000 f spa d
020 _a2980409715
040 _aDO-SdBNP
_bspa
_cBNPHU
082 _aRD863.44
_bJ82e
100 1 _aJorge Morel, Eucilda
_925433
245 1 0 _aEncuentros (novela) /
_cEucilda Jorge Morel.
260 _aMontreal :
_bFourmi Rose,
_c1995.
300 _a86 p. :
_bil. ;
_c22 cm.
590 _aLa biblioteca posee 2 ejemplares autografiados por la autora.
590 _aInventariado, 2019/BT
650 0 _aNovela dominicana
_9223
650 0 _aLiteratura dominicana.
_967
910 _aValidado. Control de calidad MMOLINA
999 _c15148
_d15148